000 005590000a22002050004500
001 8187
090 _a8187
100 _a20010319 19812 m||y0pory5003 ba
102 _aCH
200 _aDrifting buoys in support of marine meteorological services
_fGlenn D. hamilton
210 _aGeneva
_cWMO
_d1981
215 _a56 p.
_d29 cm
225 2 _aWMO/Marine Meteorology Report
_v11
317 _aOrigem: IM
500 1 0 _aWMO/Marine Meteorology Report
_h11
606 _aBOIAS MARITIMAS
_zIM
675 _a
700 _aHamilton
_bGlenn D.
710 1 0 _aSuiƧa.,
_bWMO
710 _4070